000 00566nam a2200193Ia 4500
005 20250508151141.0
008 008 250505s9999 xx 000 0 eng d
037 _aTextual
040 _aFEDL
_beng
_cFEDL
041 _aeng
_2eng
084 _a370.1, HUT
_qFEDL
100 _aHutchins Robert M.
245 0 _aConflict in education in a democratic society
260 _aNew York, USA
_bHarper and Brothers Publishers
_c1953
300 _avii,112p.
650 _aEducation - Philosophy
942 _cTEXL
_h370.1, HUT
999 _c1327902
_d1327902